| 000 | 01008nam a22002657a 4500 | ||
|---|---|---|---|
| 003 | OSt | ||
| 005 | 20221027124528.0 | ||
| 008 | 101109t1978 enka f b 001 0 eng d | ||
| 040 |
_aEG-ScBUE _beng _erda _cEG-ScBUE _dEG-ScBUE |
||
| 082 | 0 | 4 |
_bARC _a720.917 _222 |
| 245 | 0 | 0 |
_aArchitecture of the Islamic world : _bits history and social meaning / _cedited by George Michell. |
| 264 | 1 |
_aLondon : _bThames and Hudson, _c[1978] |
|
| 264 | 4 | _cc1978 | |
| 300 |
_a288 pages : _billustrations (some color) ; _c28 cm |
||
| 336 |
_2rdacontent _atext _btxt |
||
| 337 |
_2rdamedia _aunmediated _bn |
||
| 338 |
_2rdacarrier _avolume _bnc |
||
| 500 | _aPresented by Dar Al-Handasah Consultants (Shair & Partners) to celebrate 25 years of Consultancy service to the developing world 1956-1981 | ||
| 504 | _aIncludes bibliographical references and index | ||
| 650 | 7 |
_911604 _aArchitecture, Islamic. _2BUEsh |
|
| 653 | _bENGARC | ||
| 655 | _vReading book | ||
| 700 | 1 |
_921083 _aMichell, George, _eeditor. |
|
| 942 |
_2ddc _cBB |
||
| 999 |
_c14829 _d14829 |
||